| 000 | 00878nam a2200241Ia 4500 | ||
|---|---|---|---|
| 003 | OSt | ||
| 005 | 20220925182634.0 | ||
| 006 | a|||||r|||| 00| 0 | ||
| 007 | ta | ||
| 008 | 220923b |||||||| |||| 00| 0 eng d | ||
| 037 | _cGeneral Book | ||
| 040 |
_aRTL _cRTL _beng |
||
| 041 |
_2eng _aeng |
||
| 082 | _aX9(J741):51.44Q71.N6, K1 | ||
| 110 |
_aDacca University Socio-Economic Research, Board of.... Research Team _9256912 |
||
| 245 | 0 | _aMarketing of jute in East Pakistan | |
| 260 |
_aDacca _bBoard of Socio-Economic Research Bangladesh _c1961 |
||
| 300 |
_axiv, 327p. Bibliography p.318-20; Appendix p.161-317; Glossary p.321 _ccm. |
||
| 650 |
_aJute Industry _9238351 |
||
| 700 |
_aDacca University Socio-Economic Research, Board of.... Research Team _9256913 |
||
| 942 |
_hX9(J741):51.44Q71.N6, K1 _cGB _2CC |
||
| 999 |
_c502728 _d502728 |
||